[Event "Jakarta"]
[Site "Jakarta"]
[Date "1994.??.??"]
[Round "2"]
[White "Blatny, Pavel"]
[Black "Ye, Rongguang"]
[Result "1-0"]
[WhiteElo "2525"]
[BlackElo "2500"]
[Annotator "Horn,Pe"]
[PlyCount "87"]
[EventDate "1994.04.??"]
[EventType "tourn"]
[EventRounds "13"]
[EventCountry "INA"]
[EventCategory "10"]
[SourceTitle "CBM 041"]
[Source "ChessBase"]
[SourceDate "1994.08.01"]
[SourceVersion "1"]
[SourceVersionDate "1994.08.01"]
[SourceQuality "1"]

1. Nf3 d5 2. b3 Nf6 3. Bb2 Bf5 4. g3 e6 5. Bg2 c6 6. d3 h6 7. Nbd2 Be7 8. O-O
O-O 9. e3 a5 10. a4 Na6 11. Qe2 Bh7 12. Rae1 Nb4 13. Nb1 $5 b5 14. Nc3 Rb8 (
14... bxa4 15. Nxa4 c5 $13) 15. Ra1 Nd7 16. e4 Nc5 17. axb5 cxb5 18. exd5 exd5
19. Nd4 Bf6 20. Na2 Qb6 (20... Nxa2 21. Rxa2 (21. Nc6 $2 Qd6 22. Nxb8 Bxb2 23.
Rxa2 Bc3 $17) 21... Qb6 $13 {/\ Rfd8,a4}) 21. Nxb4 axb4 22. Qg4 (22. Bxd5 $2
Rfd8) (22. Ra2 $5) 22... Bg6 (22... Bxd3 $5 23. cxd3 Nxd3 24. Bxd5 Nxb2 25. Nc6
$14) 23. Ra2 h5 24. Qf4 $6 Ra8 $6 (24... Bxd3 25. cxd3 (25. Rfa1 $5) 25... Nxd3
26. Qd2 Nxb2 $17) 25. Rfa1 Rxa2 26. Rxa2 Rd8 $6 (26... Bxd3 27. Bxd5 $1 (27.
cxd3 Nxd3 28. Qf5 Nxb2 29. Rxb2 Qxd4 $17) 27... Rd8 (27... Bxc2 28. Nxc2 Nd3
29. Qf5 Nxb2 30. Qxh5 $16) 28. Qf3 Be4 29. Bxe4 Nxe4 30. Qxe4 Bxd4 31. Bxd4
Qxd4 32. Qxd4 Rxd4 $14) 27. Qe3 Kh8 (27... Ne6 28. Nxe6 Qxe3 29. fxe3 fxe6 30.
Bxf6 gxf6 31. Kf2 {/\ Ke2-d2+/=}) 28. h4 Kh7 29. Ba1 Nd7 30. Nf3 Qd6 (30...
Qxe3 31. fxe3 Bb2 $19) (30... Bb2 $19) 31. Bxf6 gxf6 $2 (31... Nxf6 $16) 32.
Nd4 Qb6 33. Qe7 Ne5 (33... Qxd4 34. Qxd8 Qa1+ $19) 34. Qxb4 Ng4 $2 (34... Nc6
35. Nxc6 Qxc6 $18) 35. Ra5 Re8 36. Rxb5 Qc7 37. Rxd5 Re5 38. Rxe5 fxe5 39. Nc6
Qc8 40. Be4 Qa6 41. Bxg6+ fxg6 42. Qa4 Qc8 43. Qa7+ Kh6 44. Qb8 1-0

[Event "USA-ch m"]
[Site "Jacksonville"]
[Date "1990.??.??"]
[Round "2"]
[White "Alburt, Lev O"]
[Black "Dlugy, Maxim"]
[Result "1-0"]
[WhiteElo "2530"]
[BlackElo "2565"]
[Annotator "Horn,Pe"]
[PlyCount "93"]
[EventDate "1990.08.??"]
[EventType "k.o."]
[EventRounds "4"]
[EventCountry "USA"]
[SourceTitle "CBM 021"]
[Source "ChessBase"]
[SourceDate "1991.04.01"]
[SourceVersion "1"]
[SourceVersionDate "1991.04.01"]
[SourceQuality "1"]

1. Nf3 d5 2. g3 Bg4 3. Ne5 Bf5 4. c4 Nd7 (4... f6 5. Nf3 d4 (5... c6 6. Qb3 Qd7
7. d4 e6 8. Bg2 $14 {Benkö-Durao, Malaga 1969}) 6. Qb3 Be4 7. d3 Bc6 8. Bh3 $14
{Gutman-Kaunas, Vilnius 79}) 5. Nxd7 Qxd7 6. cxd5 Qxd5 7. Rg1 (7. f3 Bxb1 8.
Rxb1 Qxa2) 7... Bxb1 8. Bg2 (8. Rxb1 Qxa2) 8... Qf5 9. Qa4+ Qd7 (9... c6 10.
Bxc6+) (9... Kd8 $5 10. d3 (10. Qd4+ Kc8 11. e4 Bxe4 12. Bxe4 Qe6) 10... Bxd3
11. exd3 $13) 10. Qxd7+ Kxd7 11. Rxb1 c6 12. b4 $14 a6 13. a4 e6 14. b5 axb5
15. axb5 cxb5 $2 (15... Bd6 $14 {/\ Ne7}) 16. Rxb5 Ra7 17. Bb2 Nf6 18. Bd4 b6
19. e3 Bc5 20. Bc3 Kc7 21. Ke2 Ne8 22. Rgb1 Nd6 23. R5b3 Nc4 (23... f6 24. d4
Ba3 25. Rxb6 $18) 24. Bxg7 $18 Rg8 25. Bc3 Ra2 26. Ra1 Rxa1 27. Bxa1 Na5 28.
Rb1 Bd6 29. Bc3 Rg4 30. Bxa5 bxa5 31. Rb7+ Kd8 32. Rxf7 h5 33. Ra7 Bb4 34. d4
Rg5 35. h4 Rb5 36. Bc6 Rb6 37. Bf3 Rb5 38. g4 hxg4 39. Bxg4 e5 40. h5 exd4 41.
h6 dxe3 42. h7 Bc3 43. fxe3 Rb2+ 44. Kd3 Rb3 45. Kc4 Ra3 46. Rd7+ Ke8 47. Rd4
1-0

[Event "USA-ch"]
[Site "Modesto"]
[Date "1995.??.??"]
[Round "12"]
[White "Benjamin, Joel"]
[Black "Gurevich, Dmitry"]
[Result "0-1"]
[WhiteElo "2575"]
[BlackElo "2525"]
[Annotator "Horn,Pe"]
[PlyCount "128"]
[EventDate "1995.11.??"]
[EventType "tourn"]
[EventRounds "13"]
[EventCountry "USA"]
[EventCategory "12"]
[SourceTitle "CBM 051"]
[Source "ChessBase"]
[SourceDate "1996.04.01"]
[SourceVersion "1"]
[SourceVersionDate "1996.04.01"]
[SourceQuality "1"]

1. g3 d5 2. Nf3 Bg4 3. Bg2 Nd7 4. O-O e6 5. b3 Bd6 6. Bb2 Ne7 $6 {Ich habe nur
ein Beispiel gefunden, wo Schwarz (Hector) den Pg7 in ähnlicher Form (c2-c4
und c7-c6 zusätzlich) anbot. Interessanterweise traute sich auch damals der
Weiße nicht, den P zu verspeisen.} 7. d3 (7. Bxg7 Rg8 8. Bb2) 7... c6 8. e4 O-O
9. Qd2 $146 {/\ Qg5} (9. Nbd2 $10) 9... e5 10. h3 Bh5 11. Nc3 d4 12. Ne2 (12.
Nd1 $6 {sieht sehr seltsam aus, aber vielleicht kann der Gaul ja mal über f2
eine sinnvolle Betätigung finden. (Nach f4, versteht sich.)}) 12... f6 13. Nh4
a5 14. f4 (14. a3) 14... Bb4 15. Qd1 g5 16. fxg5 $2 (16. Nf3 g4 (16... h6) 17.
Nh2 gxh3 18. Bxh3) (16. Nf5 Nxf5 17. exf5 gxf4 18. gxf4) 16... fxg5 17. Nf5
Nxf5 18. exf5 (18. Rxf5 Rxf5 19. exf5 g4 $17) 18... g4 19. h4 Nf6 $17 {
Versuchen Sie doch mal, den Ne2 auf ein gutes Feld zu manövrieren. Schwarz
kann sich viel Zeit lassen, da Weiß seine Stellung nur mit Hilfe des Gegners
verbessern kann.} 20. a3 Bc5 21. Qd2 (21. Bc1 Nd5 22. Bh6) (21. Kh2 {/\ c3})
21... Bf7 (21... Nd5 $6 22. Bxd5+ cxd5 23. f6 $132) 22. Kh2 Bd5 23. Qg5+ (23.
Rae1) 23... Kf7 24. Bxd5+ Qxd5 25. Rae1 Rg8 26. Qh6 Bf8 27. Qd2 c5 28. c4 (28.
Nc1 {/\ c3}) 28... Qd6 {Schwarz tut seinem Gegner natürlich nicht den Gefallen,
das lahme Roß zu befreien.} 29. Bc1 b6 30. Ng1 (30. Qb2 Re8 31. Bd2 {ist
vielleicht eine etwas bessere Verteidigungsidee.}) 30... Re8 31. Qg2 h6 32. Rf2
(32. Re4 $19) 32... Bg7 33. Rfe2 Re7 34. Bd2 Rge8 35. b4 axb4 36. axb4 Qd7 $1
37. Rf1 e4 $19 {Schwarz ist am Ziel, mindestens der Pf5 geht verloren.} 38.
dxe4 d3 39. Ree1 Rxe4 40. bxc5 bxc5 41. Rb1 (41. Rxe4 Rxe4 42. Rf4 Rxf4 43.
Bxf4 Qxf5 $19) 41... R8e7 (41... Re2 42. Nxe2 dxe2 43. Rb7 exf1=N+ 44. Kg1 Qxb7
45. Qxb7+ Re7 46. Qg2 Nxd2 47. Qxd2 Ne4) 42. Bc3 (42. Rf4 Rxf4 43. Bxf4 Qxf5)
42... Rxc4 43. Qb2 Rce4 44. Rf2 Qd5 45. Ra1 Qd6 46. Ra8 c4 47. Rg2 Re3 48. Qb5
Qd5 49. Qa6 Re8 50. Ra7+ R3e7 51. Rb2 Rxa7 52. Qxa7+ Re7 53. Qa6 Qxf5 54. Qxc4+
Qd5 55. Qf4 Qe4 56. Qf1 Kg6 57. Rb6 Qf5 58. Qg2 Re6 59. Rb7 Bf8 60. Rb8 Bd6 61.
Rb2 Nh5 62. Qa8 Nxg3 63. Qg8+ Kh5 64. Rb5 Ne2+ 0-1

[Event "Jakarta"]
[Site "Jakarta"]
[Date "1994.??.??"]
[Round "4"]
[White "Blatny, Pavel"]
[Black "Lioe, Dede"]
[Result "1-0"]
[WhiteElo "2525"]
[BlackElo "2320"]
[Annotator "Horn,Pe"]
[PlyCount "77"]
[EventDate "1994.04.??"]
[EventType "tourn"]
[EventRounds "13"]
[EventCountry "INA"]
[EventCategory "10"]
[SourceTitle "CBM 041"]
[Source "ChessBase"]
[SourceDate "1994.08.01"]
[SourceVersion "1"]
[SourceVersionDate "1994.08.01"]
[SourceQuality "1"]

1. Nf3 Nf6 2. b3 d5 3. Bb2 Bf5 4. g3 e6 5. Bg2 Nbd7 6. d3 Be7 7. Nbd2 h6 8. O-O
a5 9. a4 O-O 10. e3 c6 11. Qe2 Nc5 (11... Bh7 $5) 12. Rae1 Bh7 13. Ne5 Nfd7 14.
Nxd7 Nxd7 (14... Qxd7 $5 {/\ b5}) 15. e4 $14 Bb4 (15... Re8 $5) 16. Qd1 Qb6 (
16... dxe4 17. dxe4 e5 18. Re2 $14) 17. Re2 f5 $6 18. exd5 exd5 19. Re6 Qc7 (
19... Rae8 $2 20. Bxd5 $18) 20. Nf3 Rf7 (20... Rae8) 21. Qa1 f4 $6 (21... Nf8
22. Re2 Re7 $14) 22. g4 Nf8 23. Re2 Re7 24. Rxe7 Qxe7 25. Bc3 Bd6 (25... Bxc3
26. Qxc3 g5 27. Re1 $16) 26. h4 Qd7 $2 27. Bh3 h5 28. Kh2 $1 hxg4 29. Bxg4 $1
Qe7 (29... Qxg4 30. Rg1 $18) 30. Re1 Qf7 31. Rg1 c5 32. Bxg7 $1 Qxg7 33. Bf5
Bg6 34. Qxg7+ Kxg7 35. Bxg6 Nxg6 36. h5 Be7 (36... Bc7 37. Rxg6+ Kf7 38. Ng5+
Ke7 39. Rg7+ Kd6 40. h6 $18) 37. Rxg6+ Kf7 38. Ne5+ Kf8 39. h6 1-0

[Event "Bundesliga 0203"]
[Site "Germany"]
[Date "2003.01.11"]
[Round "8.5"]
[White "Maiwald, Jens Uwe"]
[Black "Jackelen, Thomas"]
[Result "1-0"]
[WhiteElo "2512"]
[BlackElo "2415"]
[Annotator "Horn,Pe"]
[PlyCount "53"]
[EventDate "2002.10.19"]
[EventType "team-tourn"]
[EventRounds "15"]
[EventCountry "GER"]
[SourceTitle "CBM 093"]
[Source "ChessBase"]
[SourceDate "2003.04.01"]
[SourceVersion "1"]
[SourceVersionDate "2003.04.01"]
[SourceQuality "1"]
[WhiteTeam "Kreuzberg"]
[BlackTeam "Godesberg"]
[WhiteTeamCountry "GER"]
[BlackTeamCountry "GER"]

1. g3 d5 2. Bg2 c6 3. Nf3 Nf6 4. d3 Bg4 5. O-O Nbd7 6. Nbd2 e5 7. h3 Bh5 8. e4
dxe4 9. dxe4 Bc5 10. Qe1 O-O 11. Nc4 Re8 12. a4 Qc7 {eine Standardstellung im
Königsindischen Angriff} 13. Bg5 $5 $146 (13. Nh4 {ist die übliche Fortsetzung,
zu deren Theorie Aronian einiges beigetragen hat.} b5 14. Na5 Bb6 15. Nb3 a6
16. Bg5 h6 17. Bd2 c5 18. c4 bxc4 19. Na5 c3 (19... Be2 $5) (19... Bxa5 20.
Bxa5 Qb7) 20. Bxc3 c4 $13 {Aronian,L-Bu Xiangzhi/Athens 2001}) 13... h6 (13...
b5 14. Na5) 14. Bd2 b5 15. Na5 Bf8 (15... Bb6 16. Nb3 a6 17. Nh4 {führt zur
Partie Aronian-Bu Xiangzhi.}) (15... bxa4 16. Rxa4 $14) 16. Nh4 Nb6 17. b3 Rad8
18. Be3 b4 $2 (18... bxa4 19. bxa4 g5 20. Nf5 Bg6) 19. c3 $1 Nbd5 (19... bxc3
20. Qxc3 $16) 20. exd5 Qxa5 21. dxc6 bxc3 (21... g5 22. g4 {->22..g5}) 22. g4
Bg6 (22... g5 23. gxh5 gxh4 24. Rc1 Rd3 25. Kh1 $1 $16 {[%cal Yf1g1,Yg2f1]} (
25. Bf3 $2 e4 26. Be2 Bb4 $132)) 23. Nxg6 fxg6 24. Qe2 a6 (24... Bb4 25. Qc4+
Kh7 26. Bxa7 Qxa7 27. Qxb4 $16) 25. b4 Bxb4 (25... Qxb4 26. Rfb1 Qd6 27. Qxa6
$16) 26. Qc4+ Kh7 27. Rab1 (27. Rab1 Rb8 28. c7 Rbc8 29. Rxb4 $18) 1-0

[Event "EU-chT (Men) 11th"]
[Site "Pula"]
[Date "1997.05.??"]
[Round "1.1"]
[White "Kengis, Edvins"]
[Black "Guliev, Sarhan"]
[Result "1-0"]
[WhiteElo "2585"]
[BlackElo "2425"]
[Annotator "Horn,Pe"]
[PlyCount "73"]
[EventDate "1997.05.05"]
[EventType "team-swiss"]
[EventRounds "9"]
[EventCountry "CRO"]
[SourceTitle "CBM 057 Extra"]
[Source "ChessBase"]
[SourceDate "1997.05.01"]
[SourceVersion "1"]
[SourceVersionDate "1997.05.01"]
[SourceQuality "1"]
[WhiteTeam "Latvia"]
[BlackTeam "Azerbaijan"]
[WhiteTeamCountry "LAT"]
[BlackTeamCountry "AZE"]

1. Nf3 d5 2. g3 c6 3. Bg2 Nf6 4. O-O Bf5 5. d3 e6 6. Nc3 h6 7. Nd2 {[%cal
Ye2e4] /\ e4} (7. Qe1 {Das hat Kengis früher in dieser Stellung gespielt.} Be7
(7... Bh7 8. e4 dxe4 9. dxe4 Bb4 10. Bd2 O-O 11. Rd1 Qe7 (11... Qc7 12. Nb5 $5
cxb5 13. Bxb4 Rc8 14. Nd4 Nc6 15. Nxc6 (15. e5 $5) 15... Qxc6 16. f3 (16. e5 $5
) 16... Qxc2 17. Rf2 Qc7 18. Rfd2 $44 {Ney-Furman/31.URS-ch Leningrad/1963})
12. Ne5 (12. e5 Bxc3 13. Bxc3 Nd5 $11) 12... Rd8 13. Nd3 Na6 14. a3 Ba5 15. Qe2
Bb6 16. Kh1 (16. e5 $5) 16... Nc5 17. Nxc5 Bxc5 18. Na4 Bb6 $6 (18... Bd4) 19.
Nxb6 axb6 20. Bb4 Qc7 21. Bc3 $14 {Velimirovic-Skembris/Kavala zt/1984}) 8. e4
Bh7 9. a3 (9. h3 O-O 10. Qe2 Re8 11. Kh1 c5 12. Ne5 d4 13. Nd1 Nbd7 14. Nxd7
Qxd7 15. f4 Rac8 16. g4 Qc7 17. c4 Nd7 18. e5 b5 $5 19. b3 bxc4 20. bxc4 Bh4
$11 {Kengis-Schulz,K/Eupen op/1993}) (9. Qe2 O-O 10. Ne5 (10. e5 $6 Nfd7 11.
Nd1 c5 12. h4 Nc6 13. Bf4 Nd4 $17 {Tate-Werner,M/Hammelburg/1989}) 10... Nbd7
11. Nxd7 Qxd7 12. e5 Ne8 13. f4 f5 (13... Nc7 $5 {Polugaevsky /\ c5,f6}) 14. d4
c5 15. Be3 cxd4 16. Bxd4 a6 $11 {Hug-Polugaevsky/Biel GM/1986}) 9... O-O 10. e5
$6 {[%csl Gh7] Das erhöht die Wirksamkeit des Bh7. Kengis Wahl hat mich sehr
überrascht.} Nfd7 11. h4 c5 12. Bf4 Nc6 13. Qd2 Nd4 $17 14. Rae1 $4 Nxf3+ 15.
Bxf3 g5 $19 {Kengis-Gretarsson/Reykjavik op/1994}) (7. Ne5 {ein extravaganter
Versuch: Karlsson mag solche Züge.} d4 {Schwarz zahlt mit gleicher Münze
zurück; es gab aber solide Alternativen.} (7... Bd6) (7... Nbd7) 8. e4 dxe3 9.
fxe3 Nbd7 10. e4 Bh7 11. Nc4 Be7 12. a4 O-O 13. Kh1 e5 14. Ne2 Qc7 15. Ng1 $36
{Karlsson-Van der Sterren/Tallinn/1987}) 7... e5 $6 {Das finde ich nicht
konsequent: erst bereitet Schwarz einen Rückzug des Bf5 nach h7 vor (h6), und
nun verliert er Zeit (Pe7-e6-e5), um nach e6 zu gehen.} (7... Be7 $142 8. e4
Bh7 9. Kh1 (9. e5 {auch hier eine riskante Spielweise. Immerhin kann Weiß ohne
Umstände f2-f4 folgen lassen.} Nfd7 10. f4 O-O 11. Qe2 b5 12. Nf3 Qb6+ 13. d4
$6 b4 14. Nd1 c5 $15 {Kratz,F-Claus,C/Dortmund WB/1988}) 9... a5 10. Qe2 a4 11.
a3 b5 12. f4 Na6 13. Nf3 O-O 14. e5 {In alle Partien, die hier von Kengis mit
diesem Eröffnungsthema vorhanden sind, wartet Kengis auf die schwarze 0-0, ehe
er e5 folgen läßt.} Nd7 15. f5 $1 {Rechtfertigt e5 taktisch.} Bxf5 (15... exf5
16. e6 Ndb8 17. Ne5 $44) 16. Nd4 Qc7 17. Nxf5 exf5 18. Rxf5 g6 19. Rf1 Qxe5 20.
Bxh6 $16 {Kengis-Haba/2.BLW/1995}) (7... Bc5 8. e4 Bh7 (8... dxe4 9. dxe4 Bg4
10. Qe1 e5 11. Nc4 Nbd7 12. Kh1 (12. Na4 $5) 12... Be6 13. Ne3 Bxe3 $6 14. Bxe3
Bc4 15. Rg1 Ng4 16. Bd2 Nc5 17. f3 $14 {Sepp-Westerinen/Parnu-B/1996}) 9. e5 {
Wieder wird die Grundfrage gestellt: wann ist dieser Vorstoß angebracht?} Nfd7
10. Nb3 Bb6 11. Qg4 Bg6 12. Bf4 O-O 13. h4 c5 14. h5 Bf5 15. Qe2 Nc6 16. Nb5
Bh7 17. c4 $13 {Nippgen-Göhring/BL/1983 Der Bh7 ist wieder der Stolz der
schwarzen Armee. Weiß hat aber seinen Anteil am Spiel: der Bg2 ist auch nicht
schwächer als sein Kollege auf h7.}) 8. e4 dxe4 9. dxe4 Be6 10. Qe2 Nbd7 11. f4
{[%cal Rf4f5]} Nb6 (11... exf4 $6 {Danach wird das weiße Bauernzentrum mobil
und dem Ke8 kann davon leicht übel werden.} 12. gxf4 Bc5+ 13. Kh1 Bg4 14. Qe1
O-O 15. Qg3 Bh5 16. e5 $16 {[%cal Yd2e4]}) 12. Kh1 {unterbindet alle
Zwischenschachs auf a7-g1} (12. f5 Qd4+ (12... Bd7 13. a4 Bc5+ 14. Kh1 $36) 13.
Kh1 Bc4 14. Nxc4 Qxc4 15. Qxc4 Nxc4 $132) 12... Bg4 (12... Bd6 13. f5 (13. Rd1
$5) (13. a4 $5) 13... Bd7 14. a4 $16) 13. Qe1 {selbstverständlich hilft Weiß
dem Schwarzen nicht, sein Problem mit dem Bg4 durch Abtausch zu lösen.} h5 {
Startet eine Gegenaktion gegen den Kh1. Das erscheint die einzig mögliche
Rechtfertigung für Bg4.} (13... exf4 $2 14. gxf4 $16) (13... Bd6 14. f5 h5 15.
h3 h4) 14. fxe5 (14. h3 $2 h4 15. hxg4 $4 hxg3+ {würde Schwarz gefallen}) 14...
Nfd7 $8 15. e6 Bxe6 {[%cal Rh5h4]} (15... fxe6 16. h3 (16. e5 h4 $13) (16. Qf2
Qf6) (16. Nf3 $5 $16) 16... h4 17. Rxf8+ Nxf8 18. hxg4 hxg3+ 19. Kg1 $16 {
[%cal Yd2f1]}) 16. Nf3 {[%cal Yf3g5]} Be7 (16... Qe7 {[%cal Ye8c8]} 17. e5 (17.
a4 $5) 17... O-O-O (17... Bc4 18. Rf2 Qe6 19. Ng5 Qxe5 20. Bf4 Qxe1+ 21. Rxe1+
Be7 (21... Kd8 22. Bd5 $3 $18) 22. b3 $40) 18. Bg5 f6 19. exf6 gxf6 (19... Nxf6
20. Ne5 $16) 20. Bf4 $14) 17. Be3 h4 (17... O-O 18. b3 $14) 18. gxh4 Bxh4 (
18... Nc4) 19. Nxh4 Qxh4 20. Bf4 Qxe1 (20... Nc4 21. Nd5 $5) 21. Raxe1 O-O-O
22. e5 $2 {[%cal Yc3e4,Ye4d6] Sehr verpflichtend gespielt. Zwar bekommt der
Ne4 Aussichten, mal auf d6 einzudringen, aber dafür verbaut sich Weiß den Bf4
und gibt die Kontrolle von d5 auf.} Nc5 (22... Nc4 23. b3 $16) 23. b4 Nca4 24.
Re3 Nxc3 25. Rxc3 Nd7 $2 (25... Bxa2 $1 $17 26. b5 $140 (26. Bh3+ Be6) (26. Ra3
Bc4) (26. Ra1 Be6 27. b5 Nd5) 26... Nd5) 26. b5 {nun ist die Welt wieder in
Ordnung} c5 27. a4 Rh5 28. a5 {[%csl Gg2]} c4 29. Rd1 Rdh8 (29... Nxe5 $2 30.
Bxb7+) 30. a6 bxa6 31. bxa6 Nxe5 32. Rb1 $2 (32. Bb7+ Kc7 33. Bd5 Bxd5+ 34.
Rxd5 f6 35. Rxc4+ Kb6 36. Rd6+ Ka5 37. Rc5+ Kb4 38. Rc7 $16) 32... Rd8 (32...
f6) (32... Nd7 33. Kg1 (33. Rb7 $2 Ra5) 33... Ra5) 33. Kg1 Rd6 $2 (33... Rd7
$142) 34. Rg3 g6 35. Re1 f6 36. Rxg6 Rxa6 $2 (36... Nxg6 37. Bxd6 Bd5 $16) 37.
Rxf6 1-0

[Event "EU-ch 2nd"]
[Site "Ohrid"]
[Date "2001.06.10"]
[Round "9"]
[White "Aronian, Levon"]
[Black "Korobov, Anton"]
[Result "1/2-1/2"]
[WhiteElo "2528"]
[BlackElo "2401"]
[Annotator "Horn,Pe"]
[PlyCount "102"]
[EventDate "2001.06.01"]
[EventType "swiss"]
[EventRounds "13"]
[EventCountry "YUG"]
[SourceTitle "CBM 084"]
[Source "ChessBase"]
[SourceDate "2001.09.13"]
[SourceVersion "1"]
[SourceVersionDate "2001.09.13"]
[SourceQuality "1"]

1. Nf3 Nf6 2. g3 d5 3. Bg2 c6 4. O-O Bg4 5. d3 Nbd7 6. Qe1 e5 7. e4 dxe4 8.
dxe4 Bc5 9. Nbd2 O-O 10. h3 Bh5 11. Nc4 Re8 12. a4 Qc7 13. Nh4 b5 14. Na5 Bb6
$146 (14... Nb6 $2 15. Qc3 $1 $16 {Minasian,A-Jonkman,H/Linares 2000}) 15. Nb3
a6 16. Bg5 c5 (16... h6 17. Bd2) 17. a5 Ba7 18. c4 {Das sieht zunächst nicht
schlecht aus: der Ba7 wird eingemauert.} h6 (18... bxc4 19. Nd2 $14) 19. Be3
Rab8 20. Nd2 Nf8 21. g4 (21. f3 Red8 22. Qf2) 21... Bg6 22. f4 (22. Nxg6 $2
Nxg6 $15) 22... exf4 23. Bxf4 Qd7 24. e5 $6 {Aronian gibt lieber selber die
Qualität anstatt sie zu nehmen.} (24. Bxb8 Bxb8 $44 {Angesichts der
schwarzfeldrigen Dominanz kann Schwarz zufrieden sein: der Bb8 scheint nicht
schlechter als der Ra1.}) 24... Bd3 25. Qf2 Bxf1 26. Rxf1 N6h7 27. Nf5 ({
Absurd wäre es, die Qualität wiederzuholen:} 27. e6 Nxe6 28. Bxb8 Rxb8 $19)
27... Ng6 (27... Ne6 28. Bxh6 gxh6 29. Nxh6+ Kg7 30. Qxf7+ Qxf7 31. Rxf7+ Kxh6
32. Rxa7) 28. Nd6 (28. Bxh6 gxh6 29. Nxh6+ Kg7 30. Qxf7+ Qxf7 31. Rxf7+ Kxh6
32. Rxa7) 28... Rxe5 $1 {Jetzt gibt Schwarz einfach die Qualität zurück und
verbleibt mit einem Mehrbauern. Zudem ist mittelfristig mit dem kräftigen
Eingreifen des Ba7 zu rechnen.} (28... Nxf4 29. Qxf4 Rf8) 29. Bxe5 Nxe5 30.
N2e4 bxc4 31. Qe2 Ng5 32. Rd1 Ne6 33. Nf2 Ng6 34. Qxc4 Rxb2 35. Qc1 (35. Qxa6
$2 c4 $19) 35... Ra2 36. Qb1 Qa4 ({Er konnte ruhig einen zweiten P verspeisen:
} 36... Rxa5 37. Nc4 Rb5) 37. Nc8 Rxf2 $1 {Wieder mal ein Qualitätsopfer: hier
hat Schwarz zu der schwarzfeldrigen Dominanz schon jetzt 2 P eingesammelt.} 38.
Kxf2 Qf4+ 39. Kg1 Bb8 40. Qe4 (40. Rd7 Nh4 $19 41. Ne7+ Kh8 42. Qe4 Nxg2 43.
Qxg2 Qe3+ 44. Qf2 Qxh3) 40... Qh2+ 41. Kf1 Nef4 ({Vielleicht war mit} 41... Bc7
{mehr zu erreichen.}) 42. Ne7+ Kh7 43. Nxg6 fxg6 44. Rd8 (44. Rd7 Be5 45. Qxe5
Qxg2+ 46. Ke1 Qg1+ 47. Kd2 Qg2+ 48. Kd1 (48. Ke3 Nh5 $3 $17) (48. Kc3 Qxh3+)
48... Qf1+ $11) 44... Bc7 45. Rf8 Nxh3 46. Bxh3 Qxh3+ 47. Ke2 Qh2+ (47... Qb3
48. Qe8 $11) 48. Kf1 Qh3+ 49. Ke2 Bxa5 50. Rf6 Qh2+ 51. Kf1 gxf6 1/2-1/2

[Event "EU-ch 2nd"]
[Site "Ohrid"]
[Date "2001.06.07"]
[Round "7"]
[White "Movsesian, Sergei"]
[Black "Gyimesi, Zoltan"]
[Result "1-0"]
[WhiteElo "2661"]
[BlackElo "2571"]
[Annotator "Horn,Pe"]
[PlyCount "105"]
[EventDate "2001.06.01"]
[EventType "swiss"]
[EventRounds "13"]
[EventCountry "YUG"]
[SourceTitle "CBM 084"]
[Source "ChessBase"]
[SourceDate "2001.09.13"]
[SourceVersion "1"]
[SourceVersionDate "2001.09.13"]
[SourceQuality "1"]

1. Nf3 d5 2. g3 c6 3. Bg2 Bg4 4. O-O Nd7 5. d3 Ngf6 6. h3 Bh5 7. Qe1 e5 8. e4
dxe4 9. dxe4 Bc5 10. Nbd2 O-O 11. Nc4 Re8 12. a4 Nb6 13. Na5 Qc7 $6 ({Schade,
daß Gyimesi nicht wissen möchte, was Movsesian gegen Beliavskys interessante
Verteidigungsidee geplant hatte:} 13... Rb8 14. Nh4 Nc8 {Die Idee von 13...Rb8:
der Bc5 kann sich nach b6 zurückziehen und der Nc8 strebt nach d6.} 15. b4 Bb6
$132 {Akopian,V-Beliavsky,A/Ubeda 1997/CBM 58}) 14. Nh4 Nfd7 15. b4 Bf8 ({
Einen Gedanken wert war auch} 15... Be7 16. Nf5 {wonach der Nd7 ggf. über f8
nach e6 überführt werden könnte.}) 16. c4 c5 17. b5 a6 (17... Be7 18. Nf5 Nf8 {
[%cal Yf8e6]} 19. f4 Bf6 (19... Ne6 20. g4 $18) (19... exf4 20. Bxf4 Qd7 21. g4
Bg6 22. Rd1 $16) 20. g4 Bg6 $13) 18. Bb2 axb5 (18... Nc8 19. Nf5 $140 Nd6) 19.
axb5 Ra7 20. Nf5 Rea8 21. Ne3 Bd6 22. h4 {[%cal Yg2h3]} f6 23. Bh3 Nf8 24. Bc3
Qd8 (24... Bf7 {[%cal Yf8e6]}) 25. Qd2 Bc7 26. Qc2 Bf7 (26... Bf3 27. Rfe1 Na4
28. Rxa4 Bxa5 29. Bxa5 Rxa5 30. Rxa5 Qxa5 31. Rf1) 27. Rfd1 Qe8 28. Qe2 {
ermöglicht Nb3} Be6 (28... Ne6 29. Bxe6 Bxe6 30. Nb3 (30. Nd5 Nxd5 31. exd5
Bxa5 32. Bxa5 Bxd5 33. Rxd5 Rxa5 34. Rxa5 Rxa5 35. Rxc5 $14) 30... Na4 (30...
Ra3 31. Rxa3 Rxa3 32. Qb2 $16) 31. Be1 Qf7 32. Nd5 $14) 29. Bg2 (29. Bxe6+ $2 {
käme Schwarz entgegen:} Nxe6) 29... Bf7 30. Nb3 Rxa1 (30... Ne6 31. Nd5) 31.
Rxa1 Rxa1+ 32. Bxa1 Ne6 33. Nd5 Qa8 34. Bh3 Nxd5 35. exd5 Nd4 36. Bxd4 cxd4 $8
37. Nc5 (37. Qg4 b6 38. Qd7 Qd8 39. Qxd8+ Bxd8 $11 {[%cal Yg8f8,Yf8e7,Ye7d6]})
37... b6 38. Ne4 Qd8 39. h5 g6 40. g4 Bd6 41. Qf3 Be7 42. Kh2 h6 $6 (42... Kh8)
(42... Kg7) 43. Bf1 {[%cal Yf1d3]} Qc8 (43... gxh5 44. gxh5 $16) 44. Ng3 (44.
d6 Bd8 45. Nxf6+ Bxf6 46. hxg6 Qe6 47. gxf7+ Qxf7 48. Bd3) 44... Bb4 45. Ne4 ({
Ich verstehe nicht, warum Movsesian der Einladung nicht folgt:} 45. hxg6 Bxg6
46. Qxf6 Qxg4 47. Qxb6 $18) 45... f5 46. Ng3 f4 $1 (46... fxg4 $2 47. Qe4 $1 (
47. Qf6 $2 gxh5 48. Nf5 Bf8) 47... gxh5 48. Bd3 Kf8 (48... Qc7 $2 49. Qh7+ Kf8
50. Bg6 $18) 49. Qh7 Qd8 50. Qh8+ Ke7 51. Qxe5+ Kf8 52. Nf5 $18) 47. Ne4 gxh5 (
47... Kg7) 48. gxh5 Qf5 $2 (48... Kh8 {und ich sehe (noch) nicht, wie Weiß
gewinnt.}) 49. Bh3 $1 $18 Bxh5 50. Qxh5 Qxh5 51. Nf6+ Kf7 52. Nxh5 Bd6 53. Bf5
1-0